000 00640nam a22002297a 4500
003 UA-OsUOA
001 96494
007 ta
008 20130319b un ||||| |||| 00| 0 ukr d
100 _aЛохвицкий М.
090 _a821.161.1
_bЛ81
942 _cBK
040 _aUA-OsUOA
_brus
_cUA-OsUOA
_dUA-OsUOA
245 _aВыстрел в Метехи
_bповесть о Ладо Кецховели
300 _a367 с.
955 _a3
041 _arus
080 _a821.161.1
260 _aМ.
_bПолитиздат
_c1976
650 7 _a82 Література. Літературознавство
_2UDC
999 _c382698
_d382698